00414 a2200133 4500020001800000082001500018100001700033245004500050260005100095300003300146505005400179650003100233700001600264 a9789968673129 a831bB496a aBerger, Timo aA cien cuadras del centro y otros poemas aSan Jose, Costa RicabEditorial Germinalc2011 a72 pbill (a color)c21.5 cm tMataderotLeblontAyacuchotHecho en PertY otros xliteratura alemanaxpoesia aTimo Berger